Economic valuation of ornamental plants in Peninsukar Malaysia

Bibliographic Details
Main Author: Zulnaidah Manan
Other Authors: Mohd. Shahwahid Hj. Othman
Format: Book
Published: Kuala Lumpur : Jabatan Perhutanan Semenanjung Malaysia , 2011.
Subjects:

MARC

LEADER 00000cam a2200000 7i4500
001 0000003946
005 20120426.0
020 0 0 |a 9789839269864 
090 0 0 |a 635.909595   |b ZUL 
100 1 0 |a Zulnaidah Manan 
245 0 0 |a Economic valuation of ornamental plants in Peninsukar Malaysia   |c Zulnaidah Manan 
260 0 0 |a Kuala Lumpur :   |b Jabatan Perhutanan Semenanjung Malaysia ,   |c 2011. 
300 |a xi.131p. :   |b col. ill. ;   |c 26cm. 
500 0 0 |a Includes index. 
504 0 0 |a Bibliography p.125 
650 0 0 |a Ornamental Trees---Valuation---Malaysia 
650 0 0 |a Plants, Ornamental---Valuation---Malaysia 
700 0 1 |a Mohd. Shahwahid Hj. Othman 
999 |a 007719   |b Monograph   |c Open Shelf   |e Default branch 
999 |a 007806   |b Monograph   |c Open Shelf   |e Default branch